[Event "Mistrovstvi CR junioru a dorostencu 2021"]
[Site "Kouty nad Desnou"]
[Date "2021.06.21"]
[Round "1"]
[White "Nagy, Ladislav"]
[Black "Sprenar, Petr"]
[Result "1-0"]
[WhiteElo "2177"]
[BlackElo "2259"]
[EventDate "2021.06.21"]

1. e4  c5  2. Nf3  e6  3. d3  Nc6  4. g3  Nf6  5. Bg2  d5  6. Nbd2  Be7  7. O-O  O-O  8. e5  Nd7  9. Re1  b5  10. Nf1  Bb7  11. h4  Qb6  12. Bf4  Rfc8  13. Ne3  Bf8  14. Ng5  Ncxe5  15. Nxh7  Kxh7  16. Bxe5  Nxe5  17. Qh5+  Kg8  18. Qxe5  Qc7  19. Qg5  Be7  20. Qg4  Bf6  21. Rab1  Qa5  22. c4  Rd8  23. cxd5  exd5  24. Qf5  Bc8  25. Qh5  Re8  26. b4  1-0

[Event "Mistrovstvi CR junioru a dorostencu 2021"]
[Site "Kouty nad Desnou"]
[Date "2021.06.21"]
[Round "1"]
[White "Mica, Marek"]
[Black "Sramek, Vojtech"]
[Result "1-0"]
[WhiteElo "2274"]
[BlackElo "2194"]
[EventDate "2021.06.21"]

1. d4  Nf6  2. c4  e6  3. Nf3  Bb4+  4. Nbd2  d6  5. a3  Bxd2+  6. Qxd2  Nbd7  7. e3  e5  8. dxe5  dxe5  9. b4  b6  10. c5  Bb7  11. Bb5  a6  12. Ba4  b5  13. Bb3  O-O  14. Bb2  Qe7  15. Qc3  Ne4  16. Qc2  Bc6  17. O-O-O  Ng5  18. Nd2  Kh8  19. f4  exf4  20. exf4  Ne4  21. Rhe1  f5  22. g4  Ndf6  23. gxf5  Rae8  24. Nf3  Ng4  25. Nd4  Bd7  26. Ne6  Bxe6  27. Bxe6  Nef6  28. c6  Rd8  29. h3  Rxd1+  30. Qxd1  Nh6  31. Bb3  Qd8  32. Qxd8  Rxd8  33. Re7  Nxf5  34. Rxc7  h6  35. Bxf6  gxf6  36. Rd7  1-0

[Event "Mistrovstvi CR junioru a dorostencu 2021"]
[Site "Kouty nad Desnou"]
[Date "2021.06.21"]
[Round "1"]
[White "Kusa, Jakub"]
[Black "Nemec, Jachym"]
[Result "1/2-1/2"]
[WhiteElo "2316"]
[BlackElo "2197"]
[EventDate "2021.06.21"]

1. e4  c5  2. Nf3  Nc6  3. Bb5  g6  4. Bxc6  dxc6  5. d3  Bg7  6. h3  e5  7. a4  a5  8. Be3  b6  9. Na3  Ba6  10. Nd2  Ne7  11. Nac4  O-O  12. b4  f5  13. f3  fxe4  14. dxe4  Nd5  15. exd5  Bxc4  16. bxc5  cxd5  17. Nxc4  Qh4+  18. Ke2  Qxc4+  19. Qd3  Qxd3+  20. cxd3  e4  21. Rac1  d4  22. Bd2  e3  23. Be1  bxc5  24. Bg3  Rf5  25. Bh2  Raf8  26. Rc4  h5  27. Rhc1  Rg5  28. Kf1  h4  29. Bd6  Rff5  30. Bxc5  e2+  31. Kf2  e1=Q+  32. Kxe1  Rxg2  33. Bxd4  Rxf3  34. Rc8+  Rf8  35. Rxf8+  Bxf8  36. Rc8  Kf7  37. Be5  Bb4+  38. Kf1  Rg5  39. d4  Ke6  40. Ke2  Rg1  41. Kd3  Rh1  42. Ke4  Re1+  43. Kd3  Rh1  44. Ke4  Re1+  45. Kd3  Rh1  1/2-1/2

[Event "Mistrovstvi CR junioru a dorostencu 2021"]
[Site "Kouty nad Desnou"]
[Date "2021.06.21"]
[Round "1"]
[White "Mladek, Richard"]
[Black "Stalmach, Richard"]
[Result "0-1"]
[WhiteElo "2291"]
[BlackElo "2296"]
[EventDate "2021.06.21"]

1. e4  c5  2. Nf3  Nc6  3. d4  cxd4  4. Nxd4  Nf6  5. Nc3  d6  6. f4  e5  7. Nf3  Be7  8. Bd3  Qb6  9. b3  O-O  10. Na4  Qc7  11. O-O  exf4  12. Bxf4  Ne5  13. c4  Bg4  14. Nc3  Qc5+  15. Kh1  Bxf3  16. gxf3  Qd4  17. Bxe5  dxe5  18. Qc2  Bb4  19. Nd5  Nxd5  20. exd5  g6  21. Rad1  Qc5  22. d6  f5  23. Be2  Qc6  24. c5  Bxc5  25. Rd5  Bd4  26. Bc4  Kg7  27. Qd2  Rad8  28. Qb4  Rf6  0-1

[Event "Mistrovstvi CR junioru a dorostencu 2021"]
[Site "Kouty nad Desnou"]
[Date "2021.06.21"]
[Round "1"]
[White "Skalsky, Alexandr"]
[Black "Svanda, Ondrej"]
[Result "0-1"]
[WhiteElo "2172"]
[BlackElo "2300"]
[EventDate "2021.06.21"]

1. e4  c5  2. Nf3  g6  3. d4  cxd4  4. Nxd4  Nc6  5. c4  Nf6  6. Nc3  d6  7. Be2  Nxd4  8. Qxd4  Bg7  9. Be3  O-O  10. Qd2  a5  11. f3  a4  12. Rc1  Qa5  13. Kf2  Bd7  14. g4  Bc6  15. Nd5  Bxd5  16. Qxa5  Rxa5  17. cxd5  Nd7  18. Rc7  Nc5  19. Rb1  e6  20. b4  axb3  21. axb3  Ra2  22. b4  Na4  23. Rbc1  exd5  24. exd5  Rb2  25. Bf4  Re8  26. R1c2  Bd4+  27. Kf1  Rb1+  28. Rc1  Rxc1+  29. Rxc1  Nc3  30. Bc4  b5  31. Bb3  Kg7  32. Rc2  Nd1  33. Re2  Ne3+  34. Bxe3  Bxe3  35. Kg2  Re5  36. Kf1  Kf6  37. Bc2  Kg5  38. Be4  Kf4  39. Kg2  f5  40. gxf5  gxf5  41. Bb1  Rxd5  42. Rb2  Rd1  43. Kh3  d5  44. Rb3  Rd2  45. Rd3  Rb2  46. Rxd5  Rxb1  47. Rxb5  Rb2  48. Kh4  Rxh2#  0-1

[Event "Mistrovstvi CR junioru a dorostencu 2021"]
[Site "Kouty nad Desnou"]
[Date "2021.06.21"]
[Round "1"]
[White "Frank, Adam"]
[Black "Ludvik, Tomas"]
[Result "1-0"]
[WhiteElo "2238"]
[BlackElo "2203"]
[EventDate "2021.06.21"]

1. e4  e6  2. d4  d5  3. Nd2  a6  4. Ngf3  c5  5. exd5  exd5  6. Be2  Nf6  7. Nf1  Nc6  8. Bg5  h6  9. Bh4  g5  10. Bg3  g4  11. Ne5  Nxd4  12. Ne3  h5  13. c3  h4  14. Bf4  Ne6  15. N5xg4  Nh5  16. Nxd5  Nexf4  17. Qa4+  Bd7  18. Qe4+  Ne6  19. Rd1  Bd6  20. O-O  Qg5  21. f4  f5  22. Qe3  Nxf4  23. Ndf6+  Ke7  24. Rxf4  fxg4  25. Rxd6  Rad8  26. Bxg4  Qxf4  27. Rxd7+  1-0

[Event "Mistrovstvi CR junioru a dorostencu 2021"]
[Site "Kouty nad Desnou"]
[Date "2021.06.22"]
[Round "2"]
[White "Sprenar, Petr"]
[Black "Ludvik, Tomas"]
[Result "1-0"]
[WhiteElo "2259"]
[BlackElo "2203"]
[EventDate "2021.06.21"]

1. d4  d5  2. c4  e6  3. Nf3  c6  4. Qc2  Nf6  5. g3  dxc4  6. Qxc4  b5  7. Qd3  Bb7  8. Bg2  Nbd7  9. O-O  a6  10. a4  c5  11. axb5  Be4  12. Qb3  Bd5  13. Qd1  axb5  14. Rxa8  Qxa8  15. Nc3  Bc6  16. Ne1  Bxg2  17. Nxg2  b4  18. Nb5  Qc6  19. Qa4  Be7  20. dxc5  O-O  21. Be3  Bxc5  22. Nc3  Qb6  23. Ne4  Nxe4  24. Qxd7  Bxe3  25. Nxe3  Rd8  26. Qe7  Qd6  27. Qxd6  Rxd6  28. Rc1  f5  29. f3  Nf6  30. Kf2  Rd4  31. Rc8+  Kf7  32. Nc2  Rd1  33. Nxb4  e5  34. Rc7+  Kf8  35. Nd3  e4  36. Rc1  Rxc1  37. Nxc1  Ke7  38. Ke3  Kd6  39. Kd4  g5  40. Na2  exf3  41. exf3  g4  42. fxg4  Nxg4  43. h4  Nf6  44. Nc3  h6  45. b4  Nd7  46. b5  Nb6  47. Ne2  Nd5  48. Nf4  Nf6  49. b6  Ng4  50. Nd5  Ne5  51. Nb4  Nd7  52. b7  Kc7  53. Na6+  Kxb7  54. Nc5+  Kc6  55. Nxd7  Kxd7  56. Ke5  Ke7  57. Kxf5  Kf7  58. h5  1-0

[Event "Mistrovstvi CR junioru a dorostencu 2021"]
[Site "Kouty nad Desnou"]
[Date "2021.06.22"]
[Round "2"]
[White "Svanda, Ondrej"]
[Black "Frank, Adam"]
[Result "0-1"]
[WhiteElo "2300"]
[BlackElo "2238"]
[EventDate "2021.06.21"]

1. e4  e5  2. Nf3  Nc6  3. Bc4  Nf6  4. d3  Be7  5. O-O  d6  6. a4  O-O  7. Re1  Kh8  8. h3  Ng8  9. d4  exd4  10. Nxd4  Nxd4  11. Qxd4  Bf6  12. Qd1  Be6  13. Bf1  Ne7  14. c3  Ng6  15. f4  Bh4  16. f5  Bb3  17. Qxb3  Bxe1  18. fxg6  fxg6  19. Qd1  Qh4  20. Be2  Rf2  21. Qd3  Raf8  22. Bd2  Bxd2  23. Nxd2  Qg5  24. g3  R8f3  25. Qxf3  Rxf3  26. Nxf3  Qxg3+  27. Kf1  Qxh3+  28. Kf2  g5  29. Rg1  g4  30. Rg3  Qh5  31. Ne1  Qf7+  32. Ke3  h5  33. Nd3  Qb3  34. a5  Qb5  35. Rg1  Qxa5  36. Rh1  g6  37. Rf1  Qg5+  38. Nf4  g3  39. Kf3  h4  40. Kg2  Kh7  41. Bd3  Qc5  42. Nd5  a5  43. Kh3  c6  44. Ne7  Qe3  45. Rf7+  Kh6  46. Kg4  Qg5+  47. Kh3  Qe5  48. Kxh4  Qxe7+  0-1

[Event "Mistrovstvi CR junioru a dorostencu 2021"]
[Site "Kouty nad Desnou"]
[Date "2021.06.22"]
[Round "2"]
[White "Stalmach, Richard"]
[Black "Skalsky, Alexandr"]
[Result "1/2-1/2"]
[WhiteElo "2296"]
[BlackElo "2172"]
[EventDate "2021.06.21"]

1. d4  d5  2. Nf3  Nf6  3. c4  dxc4  4. Nc3  a6  5. a4  Nc6  6. Bf4  Bg4  7. e3  Na5  8. d5  g6  9. h3  Bxf3  10. Qxf3  Bg7  11. Rd1  O-O  12. Be2  Rc8  13. O-O  Nd7  14. e4  Re8  15. Bg5  Nc5  16. Qe3  Qd6  17. h4  Qb6  18. Bg4  Rcd8  19. Ne2  Nd3  20. Qh3  Qxb2  21. Rb1  Qa3  22. h5  Nb3  23. hxg6  hxg6  24. Nf4  Nxf4  25. Bxf4  Qc5  26. Bd1  Na5  27. Qg3  c3  28. Bxc7  c2  29. Bxc2  Qxc2  30. Bxa5  Rd7  31. Qh3  e6  32. dxe6  fxe6  33. Qg4  Kf7  34. Bb6  Qxa4  35. Rfe1  Qa3  36. Re3  Qa2  37. Rf1  Qb2  38. Rf3+  Bf6  39. Qh4  Kg7  40. Qf4  Be5  41. Qe3  Rh8  42. g3  Qb5  43. Rc1  Bb2  44. Rc7  Rxc7  45. Bxc7  Qh5  46. Kf1  Qb5+  47. Kg2  Qh5  1/2-1/2

[Event "Mistrovstvi CR junioru a dorostencu 2021"]
[Site "Kouty nad Desnou"]
[Date "2021.06.22"]
[Round "2"]
[White "Nemec, Jachym"]
[Black "Mladek, Richard"]
[Result "0-1"]
[WhiteElo "2197"]
[BlackElo "2291"]
[EventDate "2021.06.21"]

1. d4  Nf6  2. c4  e6  3. Nc3  Bb4  4. e3  O-O  5. Bd3  d5  6. Nf3  c5  7. O-O  a6  8. cxd5  exd5  9. h3  Nc6  10. dxc5  Bxc5  11. b3  Be6  12. Bb2  Qe7  13. Rc1  Rfd8  14. Ne2  Ba3  15. Qc2  Rac8  16. Qb1  h6  17. Ned4  Nxd4  18. Nxd4  Bxb2  19. Qxb2  g6  20. b4  Nd7  21. Rfd1  Ne5  22. Bf1  Nc4  23. Qb3  b5  24. Ra1  Bd7  25. g3  Be8  26. Bg2  Nb6  27. Rac1  Rc4  28. a3  Rdc8  29. Qb1  Qc7  30. Nb3  Qe5  31. Nc5  Bc6  32. Nd3  Qf6  33. Nf4  Bb7  34. Nd3  Na4  35. Re1  g5  36. f4  Qb6  37. Kf2  d4  38. e4  Rc3  39. Kg1  Qe6  40. Kh2  Qc4  41. Rcd1  Rb3  0-1

[Event "Mistrovstvi CR junioru a dorostencu 2021"]
[Site "Kouty nad Desnou"]
[Date "2021.06.22"]
[Round "2"]
[White "Sramek, Vojtech"]
[Black "Kusa, Jakub"]
[Result "0-1"]
[WhiteElo "2194"]
[BlackElo "2316"]
[EventDate "2021.06.21"]

1. e4  e5  2. Nf3  Nc6  3. Bc4  Nf6  4. d3  Be7  5. O-O  O-O  6. Re1  d6  7. a4  Kh8  8. a5  a6  9. h3  Ng8  10. Nc3  f5  11. Nd5  fxe4  12. dxe4  Nf6  13. b4  Be6  14. c3  Qd7  15. Bg5  Nd8  16. Qd3  Bxd5  17. exd5  e4  18. Qe3  Nf7  19. Bxf6  Bxf6  20. Nd4  Rfe8  21. Bf1  Re5  22. c4  Rae8  23. Ra3  Bg5  24. Qg3  Bd2  25. Ne6  Nd8  26. Rd1  Bxb4  27. Rb3  Bxa5  28. Nxd8  Qxd8  29. Rxb7  Bb6  30. c5  Bxc5  0-1

[Event "Mistrovstvi CR junioru a dorostencu 2021"]
[Site "Kouty nad Desnou"]
[Date "2021.06.22"]
[Round "2"]
[White "Nagy, Ladislav"]
[Black "Mica, Marek"]
[Result "0-1"]
[WhiteElo "2177"]
[BlackElo "2274"]
[EventDate "2021.06.21"]

1. e4  e6  2. d4  d5  3. e5  c5  4. c3  Bd7  5. Nf3  Qb6  6. a3  a5  7. Bd3  Bb5  8. a4  Ba6  9. O-O  Nc6  10. Na3  cxd4  11. cxd4  Nge7  12. Nb5  Bxb5  13. Bxb5  h5  14. Qb3  Nf5  15. Bd2  Be7  16. Bxc6+  Qxc6  17. Rfc1  Qd7  18. Qb5  Qxb5  19. axb5  Bd8  20. Ra4  Bb6  21. Kf1  Kd7  22. Ke2  Rhc8  23. Rxc8  Rxc8  24. Kd3  f6  25. Ra3  Kc7  26. Bc3  Rf8  27. Bxa5  Bxa5  28. Rxa5  Kb6  29. Ra3  Kxb5  30. Rb3+  Kc6  31. Rc3+  Kb6  32. Rb3+  Kc7  33. Rc3+  Kb8  34. Rb3  Ne7  35. exf6  gxf6  36. Rc3  Nc6  37. Rc5  Kc7  38. Nh4  Ra8  39. Ke3  Ra4  40. Nf3  Rb4  41. Rc2  Kd6  42. h3  e5  43. dxe5+  fxe5  44. Kd2  e4  45. Ne1  d4  46. Kc1  d3  47. Rd2  Ne5  48. Rd1  Rd4  49. b3  Kd5  50. Kd2  Rb4  51. Kc3  Rb6  52. f3  Rc6+  53. Kd2  Kd4  54. fxe4  Rf6  55. Nf3+  Nxf3+  56. gxf3  Rxf3  57. e5  Rf2+  58. Kc1  Kc3  59. Rg1  Rc2+  60. Kb1  Rb2+  61. Ka1  Re2  62. Rc1+  Kxb3  0-1

[Event "Mistrovstvi CR junioru a dorostencu 2021"]
[Site "Kouty nad Desnou"]
[Date "2021.06.23"]
[Round "3"]
[White "Mica, Marek"]
[Black "Sprenar, Petr"]
[Result "1-0"]
[WhiteElo "2274"]
[BlackElo "2259"]
[EventDate "2021.06.21"]

1. d4  d5  2. c4  e6  3. Nf3  Nf6  4. g3  dxc4  5. Bg2  a6  6. O-O  Nc6  7. e3  Rb8  8. Nfd2  e5  9. Bxc6+  bxc6  10. dxe5  Ng4  11. Nxc4  Be6  12. Nbd2  Bb4  13. Qc2  h5  14. b3  h4  15. Nf3  hxg3  16. hxg3  Qd7  17. Qe2  Rd8  18. Bb2  Qd3  19. Qxd3  Rxd3  20. Kg2  Bd5  21. Rh1  Nh2  22. Rxh2  Bxf3+  23. Kg1  Rxh2  24. Kxh2  g5  25. e6  fxe6  26. g4  Bxg4  27. Rg1  Bf5  28. Rxg5  Bd6+  29. Be5  Rd5  30. Bxd6  cxd6  31. Rg8+  Ke7  32. Ra8  Rd1  33. Rxa6  d5  34. Ne5  c5  35. Ra7+  Ke8  36. Kg3  d4  37. Kf4  Rd2  38. f3  Bb1  39. a4  d3  40. Kg5  Rh2  41. Kf6  Rh6+  42. Kg7  Rh7+  43. Kxh7  d2+  44. Kg7  1-0

[Event "Mistrovstvi CR junioru a dorostencu 2021"]
[Site "Kouty nad Desnou"]
[Date "2021.06.23"]
[Round "3"]
[White "Kusa, Jakub"]
[Black "Nagy, Ladislav"]
[Result "1/2-1/2"]
[WhiteElo "2316"]
[BlackElo "2177"]
[EventDate "2021.06.21"]

1. e4  c5  2. Nf3  Nc6  3. Bb5  e6  4. O-O  Nge7  5. Re1  a6  6. Bf1  d5  7. exd5  Nxd5  8. d4  Nf6  9. Be3  Be7  10. c4  O-O  11. Nc3  cxd4  12. Nxd4  Ne5  13. h3  Bd7  14. Nf3  Nxf3+  15. Qxf3  Bc6  16. Qe2  Qa5  17. a3  Rfd8  18. Red1  Ne4  19. Nxe4  Bxe4  20. Rxd8+  Rxd8  21. Rd1  Qe5  22. Rxd8+  Bxd8  23. Qd2  Bc7  24. g3  Bc6  25. Bg2  Bxg2  26. Qd7  Qd6  27. Qc8+  Qf8  28. Qxf8+  Kxf8  29. Kxg2  f5  30. Kf3  Kf7  31. Ke2  e5  1/2-1/2

[Event "Mistrovstvi CR junioru a dorostencu 2021"]
[Site "Kouty nad Desnou"]
[Date "2021.06.23"]
[Round "3"]
[White "Mladek, Richard"]
[Black "Sramek, Vojtech"]
[Result "1-0"]
[WhiteElo "2291"]
[BlackElo "2194"]
[EventDate "2021.06.21"]

1. Nf3  c5  2. c4  Nc6  3. Nc3  e6  4. g3  d5  5. cxd5  exd5  6. d4  Nf6  7. Bg2  cxd4  8. Nxd4  Bc5  9. Nb3  Bb6  10. O-O  d4  11. Na4  O-O  12. Nxb6  axb6  13. Qd3  Re8  14. Bf3  Ra4  15. Bf4  Be6  16. Rfd1  Nd5  17. Bd2  Ne5  18. Qb5  Nxf3+  19. exf3  Qd7  20. Qxd7  Bxd7  21. Be1  Re2  22. Nxd4  Rxb2  23. Nf5  Be6  24. Ne7+  1-0

[Event "Mistrovstvi CR junioru a dorostencu 2021"]
[Site "Kouty nad Desnou"]
[Date "2021.06.23"]
[Round "3"]
[White "Skalsky, Alexandr"]
[Black "Nemec, Jachym"]
[Result "0-1"]
[WhiteElo "2172"]
[BlackElo "2197"]
[EventDate "2021.06.21"]

1. e4  c5  2. Nf3  Nc6  3. Nc3  Nf6  4. Bb5  Nd4  5. e5  Nxb5  6. Nxb5  Nd5  7. O-O  a6  8. c4  Nb4  9. Nc3  e6  10. Ne4  b6  11. d4  cxd4  12. a3  Bb7  13. Re1  Nc6  14. Bf4  Qc7  15. Bg3  Rc8  16. Rc1  Be7  17. Qd3  a5  18. Nd6+  Bxd6  19. exd6  Qd8  20. Nxd4  O-O  21. Nb5  Qg5  22. f4  Qh5  23. Qe3  Rb8  24. Qxb6  a4  25. Rc3  Ba8  26. Qe3  Na5  27. Qd3  Nxc4  28. Rxc4  Qxb5  29. Qc2  Qxb2  30. Qxb2  Rxb2  31. Bf2  Bc6  32. Rd1  Rfb8  33. Rxc6  dxc6  34. d7  Rd8  35. Bh4  f6  36. Rd4  Kf7  37. Be1  Rb7  38. Rxa4  Rdxd7  39. Bb4  Ra7  0-1

[Event "Mistrovstvi CR junioru a dorostencu 2021"]
[Site "Kouty nad Desnou"]
[Date "2021.06.23"]
[Round "3"]
[White "Frank, Adam"]
[Black "Stalmach, Richard"]
[Result "0-1"]
[WhiteElo "2238"]
[BlackElo "2296"]
[EventDate "2021.06.21"]

1. e4  c5  2. Nf3  Nc6  3. d4  cxd4  4. Nxd4  Nf6  5. Nc3  d6  6. Bg5  e6  7. Qd2  a6  8. O-O-O  Bd7  9. f3  Nxd4  10. Qxd4  Bc6  11. Kb1  h6  12. Bh4  Be7  13. Bc4  b5  14. Bb3  a5  15. a4  b4  16. Ne2  O-O  17. e5  dxe5  18. Qxe5  Qe8  19. Qc7  Bxa4  20. Bxa4  Qxa4  21. Qxe7  b3  22. c4  Qa2+  23. Kc1  Qa1+  24. Kd2  Rfd8+  25. Ke3  Rxd1  26. Rxd1  Qxd1  27. Bxf6  gxf6  28. Qxf6  Rd8  29. Qc3  Qc2  30. c5  a4  31. c6  Rc8  32. Qb4  Qxc6  33. Qg4+  Kh7  34. Kf2  a3  35. Nd4  Qc5  36. Qe4+  f5  0-1

[Event "Mistrovstvi CR junioru a dorostencu 2021"]
[Site "Kouty nad Desnou"]
[Date "2021.06.23"]
[Round "3"]
[White "Ludvik, Tomas"]
[Black "Svanda, Ondrej"]
[Result "1-0"]
[WhiteElo "2203"]
[BlackElo "2300"]
[EventDate "2021.06.21"]

1. d4  Nf6  2. c4  c5  3. d5  b5  4. cxb5  a6  5. bxa6  g6  6. Nc3  Bg7  7. e4  O-O  8. Be2  Qa5  9. Bd2  Bxa6  10. e5  Ne8  11. Nf3  d6  12. e6  f5  13. h4  Bxe2  14. Qxe2  Qa6  15. h5  gxh5  16. Rxh5  Nf6  17. Rxf5  Qxe2+  18. Kxe2  Na6  19. Rb1  Nb4  20. a3  Nc2  21. Kd3  Nd4  22. Nxd4  cxd4  23. Nb5  Ng4  24. Rxf8+  Rxf8  25. f3  Ne5+  26. Ke4  Nc4  27. Bc1  Rb8  28. a4  Nb6  29. b3  Rc8  30. Bg5  Rc5  31. Bxe7  Nxd5  32. Bxd6  Rxb5  33. axb5  Nc3+  34. Kd3  Nxb1  35. b6  1-0

[Event "Mistrovstvi CR junioru a dorostencu 2021"]
[Site "Kouty nad Desnou"]
[Date "2021.06.24"]
[Round "4"]
[White "Sprenar, Petr"]
[Black "Svanda, Ondrej"]
[Result "0-1"]
[WhiteElo "2259"]
[BlackElo "2300"]
[EventDate "2021.06.21"]

1. d4  Nf6  2. Bg5  c5  3. d5  Ne4  4. Bf4  Qb6  5. Nd2  Nxd2  6. Bxd2  d6  7. Bc3  Nd7  8. e4  Nf6  9. f3  g6  10. a4  Bd7  11. Bc4  Bg7  12. Ne2  O-O  13. O-O  e6  14. dxe6  Bxe6  15. Bxe6  fxe6  16. Nf4  Rae8  17. Nh3  d5  18. exd5  exd5  19. Bxf6  Bxf6  20. Qxd5+  Kh8  21. Nf2  Qxb2  22. Qc4  Qd4  23. Qb5  Qb4  24. Qxb4  cxb4  25. Rab1  a5  26. Ne4  Rc8  27. Nxf6  Rxf6  28. Rf2  Rfc6  29. Rb2  Rc3  30. Rd2  b6  31. Kf1  Kg7  32. Ke1  R8c6  33. Kd1  Ra3  34. Kc1  Rxa4  35. Kb1  Ra3  36. Rb3  Rxb3+  37. cxb3  Kf6  38. Kb2  Re6  39. Kc2  Ke5  40. Rd7  h6  41. Rh7  g5  42. Rf7  Rc6+  43. Kb2  Rf6  44. Rd7  Rd6  45. Re7+  Kf6  46. Re2  Rd3  47. Kc2  Rc3+  48. Kb2  Rc5  49. Rd2  Re5  50. Rd6+  Re6  51. Rd2  Ke7  52. Kc2  Rc6+  53. Kb2  Rd6  54. Re2+  Kd7  55. Kc2  Rc6+  56. Kb2  Rc5  57. Re4  Rd5  58. Kc2  Rf5  59. Kc1  Kd6  60. Kc2  Rc5+  61. Kb2  Re5  62. Rd4+  Rd5  63. Rg4  h5  64. Rg3  Kc5  65. Kc2  Re5  66. Kd3  Rd5+  67. Kc2  Rf5  68. Kd3  b5  0-1

[Event "Mistrovstvi CR junioru a dorostencu 2021"]
[Site "Kouty nad Desnou"]
[Date "2021.06.24"]
[Round "4"]
[White "Stalmach, Richard"]
[Black "Ludvik, Tomas"]
[Result "0-1"]
[WhiteElo "2296"]
[BlackElo "2203"]
[EventDate "2021.06.21"]

1. c4  e6  2. d4  d5  3. Nc3  Nf6  4. Nf3  c6  5. e3  Nbd7  6. Qc2  Bd6  7. Bd3  dxc4  8. Bxc4  b5  9. Be2  O-O  10. O-O  Qc7  11. Rd1  a6  12. Bd2  Bb7  13. b4  Rfe8  14. Rac1  e5  15. Bd3  exd4  16. exd4  c5  17. bxc5  Bxf3  18. cxd6  Bxd1  19. dxc7  Bxc2  20. Rxc2  Rac8  21. Bf4  g6  22. f3  Nh5  23. Bd6  f5  24. g4  Ng7  25. a4  Re6  26. Nd5  Kf7  27. Bg3  Nb6  28. Nxb6  Rxb6  29. d5  Ne8  30. gxf5  bxa4  31. fxg6+  hxg6  32. Bf1  a3  33. Bh3  Rb1+  34. Kg2  Rxc7  35. Bxc7  Rb2  36. Rf2  Nxc7  37. d6  Ne6  38. d7  0-1

[Event "Mistrovstvi CR junioru a dorostencu 2021"]
[Site "Kouty nad Desnou"]
[Date "2021.06.24"]
[Round "4"]
[White "Nemec, Jachym"]
[Black "Frank, Adam"]
[Result "1/2-1/2"]
[WhiteElo "2197"]
[BlackElo "2238"]
[EventDate "2021.06.21"]

1. d4  Nf6  2. c4  g6  3. Nc3  Bg7  4. e4  d6  5. h3  O-O  6. Be3  c5  7. Nf3  Nc6  8. Be2  Qa5  9. O-O  cxd4  10. Nxd4  Be6  11. Nxe6  fxe6  12. Rc1  Kh8  13. Qb3  e5  14. Qxb7  Nd4  15. Bd3  Rad8  16. Bxd4  exd4  17. Nd5  Nxd5  18. cxd5  Bf6  19. Qa6  Qd2  20. Rc2  Qf4  21. g3  Qf3  22. Re1  Be5  23. Bf1  Bxg3  24. Qe2  Qf4  25. fxg3  Qxg3+  26. Bg2  Rf4  27. Rcc1  Rdf8  28. Rf1  Rxf1+  29. Rxf1  Rxf1+  30. Kxf1  Kg7  31. Qf3  Qg5  32. Qe2  Qc1+  33. Kf2  Qf4+  34. Bf3  Qh2+  35. Ke1  Qg1+  36. Kd2  Qb1  37. Qb5  Qg1  38. Kc2  Qh2+  39. Qe2  Qxh3  40. Qd3  Qh2+  41. Kb3  Qf2  42. Be2  h5  43. Kc4  Kh6  44. b4  g5  45. a4  g4  46. Qd2+  Kg6  47. e5  Kf7  48. e6+  Ke8  49. Kb3  Kd8  50. Qd3  Qe1  51. a5  g3  52. Qf5  Qc3+  53. Ka4  Kc7  54. Qh7  Kb8  55. Qg8+  Kc7  56. Qh7  Kb8  57. Kb5  g2  58. Qg8+  Qc8  59. Qxg2  a6+  1/2-1/2

[Event "Mistrovstvi CR junioru a dorostencu 2021"]
[Site "Kouty nad Desnou"]
[Date "2021.06.24"]
[Round "4"]
[White "Sramek, Vojtech"]
[Black "Skalsky, Alexandr"]
[Result "1/2-1/2"]
[WhiteElo "2194"]
[BlackElo "2172"]
[EventDate "2021.06.21"]

1. e4  g6  2. d4  Bg7  3. Nf3  d6  4. Bc4  e6  5. O-O  Ne7  6. Re1  a6  7. c3  Nd7  8. Nbd2  b5  9. Bd3  Nb6  10. e5  Bb7  11. Ne4  Bxe4  12. Bxe4  d5  13. Bc2  h6  14. h4  Nd7  15. Bf4  Nf5  16. g3  c6  17. Qd2  Bf8  18. Kg2  Nb6  19. b3  Rc8  20. Bd3  a5  21. Rec1  Qd7  22. Nh2  h5  23. Nf3  Be7  24. Bxf5  gxf5  25. a4  bxa4  26. bxa4  Qa7  27. Rcb1  Kd7  28. Bg5  Nc4  29. Qc1  Bf8  30. Rb3  Rb8  31. Rab1  Ba3  1/2-1/2

[Event "Mistrovstvi CR junioru a dorostencu 2021"]
[Site "Kouty nad Desnou"]
[Date "2021.06.24"]
[Round "4"]
[White "Nagy, Ladislav"]
[Black "Mladek, Richard"]
[Result "1/2-1/2"]
[WhiteElo "2177"]
[BlackElo "2291"]
[EventDate "2021.06.21"]

1. e4  f5  2. exf5  Nf6  3. d4  d5  4. Bd3  c5  5. dxc5  e5  6. fxe6  Bxc5  7. Be3  Bxe3  8. fxe3  Qb6  9. Nc3  Bxe6  10. Qd2  Nc6  11. O-O-O  O-O  12. Nf3  Kh8  13. a3  Rac8  14. Rhf1  Na5  15. Nd4  Bg4  16. Rde1  Rfe8  17. Kb1  Nc4  18. Bxc4  Rxc4  19. Rf4  Bh5  20. Nb3  Rxf4  21. exf4  Rxe1+  22. Qxe1  Bg6  23. Nc1  d4  24. N3e2  d3  25. cxd3  h6  26. Qc3  Qe3  27. Qd4  Qd2  28. Qc3  Qe3  29. Qd4  Qd2  30. Qc3  Qe3  1/2-1/2

[Event "Mistrovstvi CR junioru a dorostencu 2021"]
[Site "Kouty nad Desnou"]
[Date "2021.06.24"]
[Round "4"]
[White "Mica, Marek"]
[Black "Kusa, Jakub"]
[Result "1-0"]
[WhiteElo "2274"]
[BlackElo "2316"]
[EventDate "2021.06.21"]

1. Nf3  Nf6  2. c4  e6  3. g3  d5  4. Bg2  dxc4  5. Qa4+  Bd7  6. Qxc4  c5  7. Ne5  Qc8  8. Nc3  Nc6  9. Nxd7  Qxd7  10. O-O  Be7  11. d3  O-O  12. Qa4  Rac8  13. Be3  Rfd8  14. Rfc1  b6  15. Rab1  Nd5  16. Nxd5  exd5  17. d4  cxd4  18. Bxd4  Nxd4  19. Qxd4  Bf6  20. Qd2  d4  21. Be4  Qe6  22. Rxc8  Rxc8  23. Rc1  Re8  24. Bd3  Qxa2  25. Rc7  Qa1+  26. Kg2  Qa4  27. Qf4  Qa5  28. Qe4  Kf8  29. Qxh7  Qd5+  30. Kg1  g6  31. Bc4  1-0

[Event "Mistrovstvi CR junioru a dorostencu 2021"]
[Site "Kouty nad Desnou"]
[Date "2021.06.24"]
[Round "5"]
[White "Kusa, Jakub"]
[Black "Sprenar, Petr"]
[Result "1/2-1/2"]
[WhiteElo "2316"]
[BlackElo "2259"]
[EventDate "2021.06.21"]

1. e4  e6  2. d4  d5  3. Nd2  a6  4. Ngf3  c5  5. dxc5  Bxc5  6. Bd3  Nf6  7. O-O  O-O  8. c3  Nc6  9. exd5  exd5  10. h3  h6  11. Nb3  Bb6  12. Re1  Re8  13. Rxe8+  Qxe8  14. Bf4  Ne4  15. Nbd4  Bd7  16. Qe2  Nc5  17. Qc2  Nxd3  18. Qxd3  Qe4  19. Qd2  Nxd4  20. Nxd4  Re8  21. Rd1  Qg6  22. Qd3  Re4  23. Bb8  Qh5  24. Rd2  Qg6  25. Kh2  Bxd4  26. cxd4  Re6  27. Qxg6  Rxg6  28. Re2  Re6  29. Rxe6  Bxe6  30. Kg3  f6  1/2-1/2